BEFORS: THE SELLING OF A NATION (Record no. 28886)

MARC details
000 -LEADER
fixed length control field 00285nam a22001337a 4500
003 - CONTROL NUMBER IDENTIFIER
control field SGT
020 ## - INTERNATIONAL STANDARD BOOK NUMBER
International Standard Book Number 8170940664
082 ## - DEWEY DECIMAL CLASSIFICATION NUMBER
Classification number 070
Item number B90B
100 ## - MAIN ENTRY--PERSONAL NAME
Personal name BHUSHAN, PRASHANT
245 ## - TITLE STATEMENT
Title BEFORS: THE SELLING OF A NATION
260 ## - PUBLICATION, DISTRIBUTION, ETC. (IMPRINT)
Name of publisher, distributor, etc VISION BOOKS
Year of Publication 1990
300 ## - PAGE DESCRIPTION
No. of Pages 275
942 ## - ADDED ENTRY ELEMENTS (KOHA)
Source of classification or shelving scheme Dewey Decimal Classification
Koha item type Books
Holdings
Withdrawn status Lost status Source of classification or shelving scheme Damaged status Not for loan Home library Current library Shelving location Date acquired Cost, normal purchase price SGTU Total Checkouts Full call number Accession No. (Barcode) Date last seen Bill Date Koha item type
    Dewey Decimal Classification   Not For Loan SGT Chancellor's Library SGT Chancellor's Library Reference Book 13/01/2025 170.00 SGTU   070 B90B CH1737 13/01/2025 13/01/2025 Books